00606nam a22002057a 450000500170000001000130001702000100003003500130004003700160005304000120006908200150008110000190009624500710011526000390018627000460022530000230027150000510029465000200034565000350036520170124105916.0 aA-239215 c75.00 aA-239215 bCen Lib/Ret aDPLbEN a025.4bDHY aDhyani, Pushpa aDhyani's guide to dewey decimal classification /cby Pushpa Dhyani aNew DelhibMetropolitan Bookc1985 a1, Netaji Subhash MargbNew Delhie110002 aix,177p.c22cm(Hb) aIncludes bibliographical references and index aLibrary Science aClassification-Library Science